Basics of modern cosmology
Αποθηκεύτηκε σε:
| Κύριος συγγραφέας: | |
|---|---|
| Άλλοι συγγραφείς: | , |
| Μορφή: | Βιβλίο |
| Γλώσσα: | English |
| Δημοσίευση: |
Gif-sur-Yvette, France :
Editions Frontieres,
c1990
|
| Σειρά: | Basics of
|
| Θέματα: | |
| Ετικέτες: |
Προσθήκη ετικέτας
Δεν υπάρχουν, Καταχωρήστε ετικέτα πρώτοι!
|
MARC
| LEADER | 00000nam a2200000 i 4500 | ||
|---|---|---|---|
| 001 | 1/86972 | ||
| 008 | 990721s1990 eng d | ||
| 020 | |a 2-86332-084-X | ||
| 035 | |l 10052191 | ||
| 040 | |a GR-MY-UA |b gre |e aacr | ||
| 041 | 0 | |a eng | |
| 082 | 0 | |a 523.1 | |
| 100 | 1 | |a Dolgov, A. D. |q (Aleksandr Dmitrievich) | |
| 245 | 1 | 0 | |a Basics of modern cosmology / |c A.D. Dolgov, M.V. Sazhin, Ya. B. Zeldovich |
| 260 | |a Gif-sur-Yvette, France : |b Editions Frontieres, |c c1990 | ||
| 300 | |a 247 p.; |b ill.; |c 24 cm. | ||
| 490 | 1 | |a Basics of | |
| 500 | |a Includes bibliographical references and index | ||
| 650 | 0 | 0 | |a Cosmology. |
| 700 | 1 | |a Sazhin, M. V. |q (Mikhail Vasilevich) | |
| 700 | 1 | |a Zeldovich, IA. B. |q (IAkov Borisovich) | |
| 830 | 0 | |a Basics of | |
| 852 | |a INST |b SAMOS |e 19990721 |h 523.1 DOL |p 005300012524 |q 005300012524 |t BK |y 0 | ||
| 901 | |a BIBL3-1999-2 | ||
| 909 | |a Σ |b 066509 | ||
| 922 | |a 3ΕΛΗ |b 199906 |c ΚΠΣ |d GLORY | ||
| 970 | |z 1999/07/21 |a ΓΕΝΟΥΖΟΥ |b ΧΡΥΣΑΝΘΗ | ||